South Eastern Kenya University

Library Online Public Access Catalogue


Advances in free-radical chemistry. (Record no. 1905)

MARC details
000 -LEADER
fixed length control field 00402cas a2200157 4500
022 ## - ISSN
International Stands Serial Number 0065-2644
050 00 - LIBRARY OF CONGRESS CALL NUMBER
Classification Number QD471
Item Number .A26
245 00 - TITLE
Title Advances in free-radical chemistry.
260 ## - PUBLICATION, DISTRIBUTION, ETC.(IMPRINT)
Place of publication, distribution, etc New York [etc.]
Name of publisher, distributor, etc Academic Press, etc.,
Date of publication, distribution, etc 1965-1980.
300 ## - PHYSICAL DESCRIPTION
Extent 6 v.
500 ## - GENERALNOTE
General note Editor: 1965- G.H. Williams.
650 #0 - SUBJECT--TOPIC
Form subdivision Periodicals.
650 #2 - SUBJECT--TOPIC
Form subdivision Periodicals.
700 1# - ADDED ENTRY--PERSONAL AUTHOR
Personal Name Williams, G. H.
942 ## - ADDED ENTRY ELEMENTS(KOHA)
Koha item type General circulation
Holdings
Source of classification or shelving scheme Not for loan Location (home branch) Sublocation (holding branch) Date accessioned Cost, normal purchase price Full call number Barcode Copy number Cost, replacement price Koha item type Public note
Library of Congress Classification   Main Campus Library Main Campus Library 26/08/2014 2900.58 QD471 .A26 2019/021773 C1 3400.00 General circulation leo
Library of Congress Classification   Main Campus Library Main Campus Library 28/08/2014 2900.58 QD471 .A26 2019/022771 C2 3400.00 General circulation leo
Kitui, Kenya.
+254736116989
library@seku.ac.ke